| 000 | 01415cam a2200229 4500 | ||
|---|---|---|---|
| 001 | ABS67345 | ||
| 008 | 031218n2003 000 0 eng u | ||
| 035 | _a(Sirsi) u124644 | ||
| 100 | _aLewin, L. | ||
| 245 | _aHousing Improvement Task Force | ||
| 260 | _c2003 | ||
| 490 |
_aJournal of the Law Society of Scotland _v48(11) November 2003, 60(1) |
||
| 520 | _aDescribes the progress made by the Housing Improvement Task Force (HITF) Single Survey Steering Group in respect of the single survey pilot project which will take place in four areas of Scotland in 2004. States the objective of the pilot project, its duration, the criteria for selecting the pilot localities and the property types included and excluded. Reports that, although it was agreed that the proposed purchaser's information pack should be piloted, it should be piloted separately to the single survey. Notes that the design of the single survey report would be undertaken by RICS and that RICS'concerns about professional indemnity insurance issues should be addressed. A hidden defects guarantee should be included in the survey pilot. | ||
| 590 | _aABS | ||
| 650 | _aHIDDEN DEFECTS GUARANTEES | ||
| 650 | _aPROFESSIONAL INDEMNITY INSURANCE | ||
| 650 | _aSINGLE SURVEY REPORTS | ||
| 650 | _aPURCHASERS' INFORMATION PACKS | ||
| 650 | _aSCOTLAND | ||
| 690 | _aPROPERTY-RESIDENTIAL PROPERTY-RESIDENTIAL PROPERTY MARKET | ||
| 942 | _n0 | ||
| 999 |
_c73969 _d73969 |
||